• 首页
  • 本馆介绍
  • 公告通知
  • 最新文献
  • 馆藏检索
  • 电子资源
  • 读者导购
  • 参考咨询
  • 我的图书馆
  • 登录
  • 详细信息显示
  • 放入我的书架
  • 预约/预借图书
  • 作者相关作品
  • 分类相关作品
  • 丛书相关作品
  • 出版社相关作品

书目信息

  • 表格格式
  • 工作单格式
  • 卡片格式
题名:
草原新传奇
    
 
作者: 赵燕翼 著
分册:  
出版信息: 上海   上海文艺出版社  1984.06
页数: 201页
开本: 19cm
丛书名:
单 册:
中图分类: I276.3
科图分类:
主题词: 民间文学--中国
电子资源:
ISBN:
000 00537nam0 2200205 45
001 0206240871
005 20031219104112.4
010    @dCNY0.54
091    @a10078.2261
100    @a20020624d1984 km y0chiy0120 ea
101 0  @achi
105    @a z 000ay
200 1  @a草原新传奇@ACao Yuan Xin Chuan Qi@f赵燕翼著@FZhao Yan Yi Zhu
210    @a上海@c上海文艺出版社@d1984.06
215    @a201页@d19cm
606 0  @a民间文学@x中国
690    @aI276.3@v3
701  0 @a赵燕翼@4著
801    @aCN@bTSTC@c20020624
905    @f1@b3071@dI276.3@e1
    
    草原新传奇/赵燕翼著.-上海:上海文艺出版社,1984.06
    201页;19cm
    
    
    ISBN :CNY0.54
    
●
相关链接 在E读中查询图书 在五车中查询图书 在当当中查询图书 在豆瓣中查询图书


正题名:草原新传奇     索取号:I276.3/1         预约/预借

序号 登录号 条形码 馆藏地/架位号 状态 备注
1 0003071   202170015   第二借阅区/ [索取号:I276.3/1] 在馆    
唐山师范学院图书馆 欢迎您!
大连网信软件有限公司© 版权所有